Aid Inflows : The Role of the Fund and Operational Issues for Program Design.

This paper contains background material to the Board paper on "Aid Inflows- The Role of the Fund and Operational Issues for Program Design." The main paper draws operational implications for program design of increased and volatile aid inflows, based on selected case studies (Annex I) and...

Ausführliche Beschreibung

Bibliographische Detailangaben
Körperschaft: International Monetary Fund
Format: Zeitschrift
Sprache:English
Veröffentlicht: Washington, D.C. : International Monetary Fund, 2007.
Schriftenreihe:Policy Papers; Policy Paper ; No. 2007/024
Schlagworte:
Online Zugang:Full text available on IMF
LEADER 01666cas a2200301 a 4500
001 AALejournalIMF019673
008 230101c9999 xx r poo 0 0eng d
020 |c 5.00 USD 
020 |z 9781498333528 
022 |a 2663-3493 
040 |a BD-DhAAL  |c BD-DhAAL 
110 2 |a International Monetary Fund. 
245 1 0 |a Aid Inflows :   |b The Role of the Fund and Operational Issues for Program Design. 
264 1 |a Washington, D.C. :  |b International Monetary Fund,  |c 2007. 
300 |a 1 online resource (60 pages) 
490 1 |a Policy Papers 
500 |a <strong>Off-Campus Access:</strong> No User ID or Password Required 
500 |a <strong>On-Campus Access:</strong> No User ID or Password Required 
506 |a Electronic access restricted to authorized BRAC University faculty, staff and students 
520 3 |a This paper contains background material to the Board paper on "Aid Inflows- The Role of the Fund and Operational Issues for Program Design." The main paper draws operational implications for program design of increased and volatile aid inflows, based on selected case studies (Annex I) and a review of program conditionality (Annex II). It also uses findings on recent developments in official donor assistance (ODA) and meeting the Millennium Development Goals (MDGs) (Annex III). 
538 |a Mode of access: Internet 
650 7 |a Aid Inflow  |2 imf 
650 7 |a PP  |2 imf 
651 7 |a Burundi  |2 imf 
651 7 |a Mozambique  |2 imf 
651 7 |a Rwanda  |2 imf 
830 0 |a Policy Papers; Policy Paper ;  |v No. 2007/024 
856 4 0 |z Full text available on IMF  |u http://elibrary.imf.org/view/journals/007/2007/024/007.2007.issue-024-en.xml  |z IMF e-Library